书目信息 |
| 题名: |
初中英语教案
|
|
| 作者: | 崔君方 编著 | |
| 分册: | 第二册 | |
| 出版信息: | 北京 北京师范大学出版社 1999.9 |
|
| 页数: | 329页 | |
| 开本: | 20cm | |
| 丛书名: | 课堂教学设计丛书 | |
| 单 册: | ||
| 中图分类: | G633.41 , G633.4 | |
| 科图分类: | ||
| 主题词: | 中学--英语课 | |
| 电子资源: | ||
| ISBN: | 7-303-03529-X | |
| 000 | 00700nam2 2200229 45 | |
| 001 | 0004041480 | |
| 005 | 20060814103430.95 | |
| 010 | @a7-303-03529-X@dCNY16.00 | |
| 100 | @a20000404d1999 km y0chiy0120 ea | |
| 101 | 0 | @achi |
| 200 | 1 | @a初中英语教案@AChu Zhong Ying Yu Jiao An@h第二册@b供三年制、四年制用@f崔君方编著@FCui Jun Fang Bian Zhu |
| 210 | @a北京@c北京师范大学出版社@d1999.9 | |
| 215 | @a329页@d20cm | |
| 225 | @a课堂教学设计丛书 | |
| 300 | @a根据最新版九年义务教育教材编写 | |
| 410 | @12001 @a课堂教学设计丛书 | |
| 606 | 0 | @a中学@x英语课 |
| 690 | @aG633.41@v1 | |
| 690 | @aG633.4@v3 | |
| 701 | 0 | @a崔君方@4编著 |
| 801 | @aCN@bTSTC@c20060814 | |
| 905 | @b287193-212@dG633.4@e134:2@f20 | |
| 初中英语教案.第二册[供三年制、四年制用]/崔君方编著.-北京:北京师范大学出版社,1999.9 |
| 329页;20cm.-(课堂教学设计丛书) |
| 根据最新版九年义务教育教材编写 |
| ISBN 7-303-03529-X:CNY16.00 |
| ● |
| 相关链接 |
|
|
|
|
正题名:初中英语教案
索取号:G633.4/134:2
 
预约/预借
| 序号 | 登录号 | 条形码 | 馆藏地/架位号 | 状态 | 备注 |
| 1 | 0459697 | 204596972 | 密集书库/ [索取号:G633.4/134:2] | 在馆 |